Score 0/284 Timer 07:00
0 Plays Today
% Correct
I
98.9%
I
98.9%
I
98.9%
I
98.9%
I
98.9%
I
98.9%
I
98.9%
I
98.9%
I
98.9%
I
98.9%
I
98.9%
a
97.9%
a
97.9%
a
97.9%
a
97.9%
a
97.9%
a
97.9%
a
97.9%
a
97.9%
a
97.9%
a
97.9%
a
97.9%
a
97.9%
a
97.9%
the
94%
the
94%
the
94%
the
94%
the
94%
the
94%
the
94%
the
94%
the
94%
the
94%
You
92.3%
You
92.3%
you
92.3%
You
92.3%
You
92.3%
You
92.3%
you
92.3%
you
92.3%
You
92.3%
to
90.5%
to
90.5%
to
90.5%
be
89.4%
and
88.7%
and
88.7%
and
88.7%
and
88.7%
and
88.7%
in
86.3%
in
86.3%
go
86.3%
in
86.3%
in
86.3%
in
86.3%
in
86.3%
in
86.3%
in
86.3%
love
83.8%
me.
83.5%
me.
83.5%
is.
79.6%
on
79.2%
on
79.2%
on
79.2%
on
79.2%
on
79.2%
on
79.2%
your
75%
for
73.2%
for
73.2%
for
73.2%
for
73.2%
for
73.2%
ain't
72.5%
my
72.2%
my
72.2%
my
72.2%
my
72.2%
my
72.2%
if
71.8%
if
71.8%
if
71.8%
if
71.8%
can't
70.4%
can't
70.4%
can't
70.4%
can't
70.4%
can't
70.4%
can't
70.4%
ain't
70.1%
ain't
70.1%
% Correct
I'm
66.9%
I'm
66.9%
I'm
66.9%
I'm
66.9%
I'm
66.9%
I'm
66.9%
of
66.2%
of
66.2%
This
65.8%
this.
65.8%
This
65.8%
this
65.8%
this
65.8%
this
65.8%
this
65.8%
This
65.8%
This
65.8%
get
64.8%
just
64.8%
just
64.8%
just
64.8%
just
64.8%
just
64.8%
just
64.8%
just
64.8%
just
64.8%
just
64.8%
just
64.8%
we're
64.1%
up
64.1%
we're
64.1%
that
64.1%
up
64.1%
we're
64.1%
we're
64.1%
got
63.7%
but
63%
gotta
62%
with
61.6%
there
60.9%
There's
60.9%
there
60.9%
There's
60.9%
it's
60.9%
morning,
60.2%
say.
59.5%
say
59.5%
know
59.2%
They
57%
nothing
56.7%
nothing
56.7%
wanna
55.3%
even
52.5%
even
52.5%
even
52.5%
even
52.5%
could
51.8%
way.
51.1%
one
51.1%
I'll
50.4%
some
50%
come
47.9%
Come
47.9%
Come
47.9%
now
46.5%
like
46.1%
bed
46.1%
here
45.4%
here
45.4%
evening
44.7%
dark.
43.7%
dark.
43.7%
dark.
43.7%
dark.
43.7%
baby,
43%
Baby,
43%
baby,
43%
baby,
43%
baby,
43%
feeling
42.3%
without
42.3%
without
42.3%
Man,
41.2%
Man,
41.2%
dancing
40.8%
dancing
40.8%
dancing
40.8%
heart.
40.8%
dancing
40.8%
same
40.5%
look
38.7%
look.
38.7%
home
38%
tired.
37.3%
tired
37.3%
% Correct
fire,
37%
start
37%
start
37%
fire
37%
start
37%
fire.
37%
start
37%
fire
37%
start
37%
fire
37%
start
37%
fire
37%
little
34.5%
gimme
34.5%
little
34.5%
hire,
33.8%
hire,
33.8%
world
33.8%
hire,
33.8%
world
33.8%
hire,
33.8%
spark.
33.5%
spark.
33.5%
off
33.5%
gun's
32.7%
gun's
32.7%
gun's
32.7%
gun's
32.7%
need
31.7%
myself.
31.3%
over
29.6%
bored
29.2%
use
28.5%
face.
28.5%
'round
28.2%
'round
28.2%
'round
28.2%
Hey
27.5%
something
27.5%
Hey
27.5%
about
27.1%
about
27.1%
stay
26.8%
Stay
26.8%
help.
25.7%
mirror.
25.7%
hair,
25%
around
25%
change
24.6%
broken
24.6%
place.
24.3%
clothes,
23.9%
getting
22.9%
getting
22.9%
getting
22.9%
sit
22.5%
living
21.1%
nowhere.
19.7%
they'll
19.7%
somewhere.
19.4%
somewhere
19.4%
trying
19.4%
check
18.7%
apart.
18.7%
hungry.
18.3%
tonight.
18%
sitting
18%
sitting
18%
falling
18%
joke
17.6%
book.
17.6%
reaction.
17.6%
laugh's
17.3%
action.
17.3%
write
17.3%
happening
16.9%
older.
16.9%
town
16.9%
sick
16.2%
moving
15.8%
shoulders.
15.5%
streets
15.5%
crying
14.1%
dump
13.7%
starving
13.4%
clearer.
12.7%
worrying
12.3%
Radio's
12.3%
shake
12.3%
alright.
12.3%
keeps
11.6%
dying
11.3%
Message
10.9%
carving
10.6%

You're not logged in!

Compare scores with friends on all Sporcle quizzes.
OR
Log In

Sporcle TV

Today on Sporcle TV


Watch our educational content, quiz creation guides, and fun videos on Sporcle TV.

Show Comments

Extras

Top Quizzes Today


Score Distribution

Paid Content

Your Account Isn't Verified!

In order to create a playlist on Sporcle, you need to verify the email address you used during registration. Go to your Sporcle Settings to finish the process.

Report this User

Report this user for behavior that violates our Community Guidelines.

Details: